[Event "Caba Legislatura Cup"]
[Site "Caba"]
[Date "2018.04.06"]
[Round "1"]
[White "Giuliani, German"]
[Black "Bitelmajer, Martin"]
[Result "0-1"]
[WhiteElo "1889"]
[BlackElo "2439"]
[PlyCount "60"]
[EventDate "2018.04.06"]
[EventType "swiss"]
[EventRounds "9"]
[EventCountry "ARG"]
[SourceTitle "CBM 184 Extra"]
[Source "ChessBase"]
[SourceDate "2018.06.28"]
[SourceVersion "1"]
[SourceVersionDate "2018.06.28"]
[SourceQuality "1"]

1. d4 Nf6 2. Nf3 e6 3. g3 b5 4. Bg2 Bb7 5. 0-0 d5 6. b3 Be7 7. Bb2 0-0 8. Nbd2 Nbd7 9. c4 bxc4 10. bxc4 c5 11. Rb1 dxc4 12. Ba1 Bd5 13. Qc2 cxd4 14. Bxd4 Rc8 15. e4 Ba8 16. Ne5 Nxe5 17. Bxe5 Qd3 18. Qc3 Rfd8 19. Rfd1 h6 20. Rbc1 Qxc3 21. Bxc3 Ba3 22. Rb1 Kh7 23. e5 Nd5 24. Ne4 Nxc3 25. Nxc3 Bxg2 26. Kxg2 Rxd1 27. Rxd1 Bb2 28. Ne4 Bxe5 29. Rd2 c3 30. Rc2 Rc4 0-1

[Event "Santa Teresita op 2nd"]
[Site "Santa Teresita"]
[Date "2017.07.01"]
[Round "2"]
[White "Giuliani, German"]
[Black "Gimenez, Dante"]
[Result "1-0"]
[WhiteElo "1848"]
[BlackElo "2034"]
[PlyCount "100"]
[EventDate "2017.06.30"]
[EventType "swiss"]
[EventRounds "6"]
[EventCountry "ARG"]
[SourceTitle "EXT 2018"]
[Source "ChessBase"]
[SourceDate "2017.10.13"]
[SourceVersion "1"]
[SourceVersionDate "2017.10.13"]
[SourceQuality "1"]

1. d4 d5 2. g3 e6 3. Nf3 f5 4. Bg2 Nf6 5. 0-0 Nbd7 6. b3 Ne4 7. Bb2 Be7 8. Nbd2 0-0 9. c4 c6 10. Qc2 Ndf6 11. Ne5 Nxd2 12. Qxd2 Ne4 13. Qc2 Bd7 14. f3 Nf6 15. c5 a6 16. Bc3 Be8 17. Qd2 Bf7 18. Ba5 Qe8 19. Qb4 Qc8 20. Rac1 Nd7 21. Nd3 Kh8 22. Qe1 Bf6 23. Bc3 Qe8 24. Nf2 Bh5 25. e4 fxe4 26. fxe4 Bg5 27. Bd2 Bxd2 28. Qxd2 Qg6 29. e5 Bf3 30. Bh3 Rae8 31. Nd3 Be4 32. Nf4 Qg5 33. Rf2 Bf5 34. Bg2 Qh6 35. Rcf1 g5 36. Nd3 Qg6 37. Ne1 g4 38. Qb4 Rb8 39. Bh1 Qh6 40. Rf4 Rg8 41. Ng2 Rg5 42. Nh4 Qf8 43. R1f2 b6 44. Qa4 Qc8 45. Nxf5 exf5 46. cxb6 Rxb6 47. Qa3 Nf8 48. Qd6 c5 49. Qxb6 cxd4 50. Qxd4 Ne6 1-0

[Event "Pinamar CADA op 1st"]
[Site "Pinamar"]
[Date "2017.03.19"]
[Round "6"]
[White "Sosa, Adrian"]
[Black "Giuliani, German"]
[Result "1/2-1/2"]
[WhiteElo "1688"]
[BlackElo "1815"]
[PlyCount "32"]
[EventDate "2017.03.17"]
[EventType "swiss"]
[EventRounds "6"]
[EventCountry "ARG"]
[SourceTitle "EXT 2024"]
[Source "ChessBase"]
[SourceDate "2023.10.10"]
[SourceVersion "1"]
[SourceVersionDate "2023.10.10"]
[SourceQuality "1"]

1. d4 h6 2. e4 g5 3. Bd3 Bg7 4. Be3 c5 5. Ne2 Nc6 6. c3 b6 7. 0-0 Nf6 8. Ng3 d6 9. Bb5 Bd7 10. f3 a6 11. Be2 Qc7 12. f4 gxf4 13. Bxf4 h5 14. d5 Ne5 15. Bxe5 dxe5 16. Nd2 Ng4 1/2-1/2

[Event "Pinamar U2200 op"]
[Site "Pinamar"]
[Date "2015.11.08"]
[Round "5.2"]
[White "Gomez, Gustavo"]
[Black "Giuliani, German"]
[Result "0-1"]
[WhiteElo "1723"]
[BlackElo "1820"]
[PlyCount "100"]
[EventDate "2015.11.07"]
[EventType "swiss"]
[EventRounds "6"]
[EventCountry "ARG"]
[SourceTitle "EXT 2024"]
[Source "ChessBase"]
[SourceDate "2023.10.10"]
[SourceVersion "1"]
[SourceVersionDate "2023.10.10"]
[SourceQuality "1"]

1. d4 h6 2. c4 g5 3. h4 g4 4. e4 h5 5. f4 Bg7 6. Nc3 c5 7. d5 d6 8. g3 Nd7 9. Bd3 Nb6 10. Nge2 Nh6 11. f5 f6 12. Nf4 Nf7 13. Ng6 Rg8 14. Ne2 Ne5 15. Nef4 Nf3+ 16. Kf2 Bh6 17. Nxh5 Bxc1 18. Qxc1 Kd7 19. Nhf4 Kc7 20. Be2 Ne5 21. Nxe5 fxe5 22. Ng6 Qe8 23. h5 Qf7 24. Kg2 Rg7 25. b4 Nd7 26. b5 Nf6 27. Bd3 Rh7 28. h6 b6 29. a4 e6 30. dxe6 Bxe6 31. a5 Rb8 32. axb6+ axb6 33. Ra7+ Rb7 34. Rxb7+ Kxb7 35. Nh4 Bc8 36. Qg5 Kc7 37. Kf2 Bb7 38. Qe3 Qh5 39. Ra1 Rxh6 40. Kg1 Rh8 41. Kg2 Nh7 42. Ng6 Qh3+ 43. Kg1 Ng5 44. Nxh8 Nf3+ 45. Kf2 Qh2+ 46. Kf1 Qh1+ 47. Ke2 Qxh8 48. Ra2 Qh2+ 49. Kf1 Qh1+ 50. Ke2 Qe1# 0-1

[Event "Pinamar U2200 op"]
[Site "Pinamar"]
[Date "2015.11.07"]
[Round "3.2"]
[White "Giuliani, German"]
[Black "Gomez, Roberto Carlos"]
[Result "1/2-1/2"]
[WhiteElo "1820"]
[BlackElo "1880"]
[PlyCount "110"]
[EventDate "2015.11.07"]
[EventType "swiss"]
[EventRounds "6"]
[EventCountry "ARG"]
[SourceTitle "EXT 2024"]
[Source "ChessBase"]
[SourceDate "2023.10.10"]
[SourceVersion "1"]
[SourceVersionDate "2023.10.10"]
[SourceQuality "1"]

1. d4 Nf6 2. Nf3 e6 3. g3 b6 4. Bg2 Bb7 5. 0-0 c5 6. b3 cxd4 7. Qxd4 Nc6 8. Qd1 d5 9. Bb2 Bc5 10. e3 0-0 11. Nbd2 Qe7 12. a3 a5 13. c4 dxc4 14. Nxc4 Rfd8 15. Qc2 Rac8 16. Ng5 h6 17. Bxf6 Qxf6 18. Qh7+ Kf8 19. Ne4 Qf5 20. Qh8+ Ke7 21. Qxg7 Rg8 22. Qxh6 Ne5 23. Qh4+ f6 24. Qf4 Qxf4 25. exf4 Nxc4 26. bxc4 Bd4 27. Rac1 Ba6 28. Nd2 Rgd8 29. Rfd1 Bc5 30. a4 Bb4 31. Nf1 Rxd1 32. Rxd1 Rxc4 33. Ne3 Rc3 34. f5 Bc5 35. Re1 Bxe3 36. fxe3 Ra3 37. Bc6 exf5 38. Rb1 Rxe3 39. Rxb6 Bc4 40. Rb2 Kd6 41. Kf2 Ra3 42. Bb5 Bd5 43. Rc2 f4 44. g4 Rh3 45. Kg1 Bf3 46. Bf1 Rh8 47. h3 Rb8 48. Bb5 Rh8 49. Bf1 Rb8 50. Rc3 Bc6 51. Bb5 Rg8 52. Kf2 f5 53. Be2 fxg4 54. Bxg4 Bb7 55. Rc4 Rf8 1/2-1/2

[Event "Paraguay Gran Prix U2300 08"]
[Site "Paraguay"]
[Date "2013.08.07"]
[Round "1.1"]
[White "Malbran, Guillermo"]
[Black "Giuliani, German"]
[Result "1-0"]
[WhiteElo "2228"]
[BlackElo "1864"]
[PlyCount "79"]
[EventDate "2013.08.07"]
[EventType "swiss"]
[EventRounds "9"]
[EventCountry "ARG"]
[SourceTitle "EXT 2024"]
[Source "ChessBase"]
[SourceDate "2023.10.10"]
[SourceVersion "1"]
[SourceVersionDate "2023.10.10"]
[SourceQuality "1"]

1. e4 g5 2. d4 h6 3. h4 gxh4 4. Nf3 Bg7 5. Rxh4 d6 6. Nc3 c5 7. Be3 Bf6 8. Rh2 Bg4 9. dxc5 Bxc3+ 10. bxc3 Qa5 11. Qd3 Nc6 12. Nd4 0-0-0 13. Nxc6 bxc6 14. Qa6+ Qxa6 15. Bxa6+ Kc7 16. Rb1 Rb8 17. Rb4 h5 18. e5 Rxb4 19. exd6+ exd6 20. cxd6+ Kxd6 21. cxb4 h4 22. Bxa7 Rh5 23. Bc5+ Kd7 24. Bc4 h3 25. gxh3 Nh6 26. Be3 Be6 27. Be2 Ng4 28. Rh1 Rh8 29. Kd2 Nf6 30. h4 Bxa2 31. c4 Ra8 32. Kc2 Ne4 33. h5 c5 34. bxc5 Rb8 35. h6 Bb3+ 36. Kd3 f5 37. h7 Rh8 38. Bd4 Ke7 39. Bxh8 Nxf2+ 40. Kd4 1-0

[Event "Buenos Aire Argentino CC"]
[Site "Buenos Aires"]
[Date "2013.06.27"]
[Round "6.2"]
[White "Giuliani, German"]
[Black "Sammartino, Gabriel"]
[Result "0-1"]
[WhiteElo "1850"]
[BlackElo "1980"]
[PlyCount "120"]
[EventDate "2013.06.13"]
[EventType "swiss"]
[EventRounds "9"]
[EventCountry "ARG"]
[SourceTitle "EXT 2024"]
[Source "ChessBase"]
[SourceDate "2023.10.10"]
[SourceVersion "1"]
[SourceVersionDate "2023.10.10"]
[SourceQuality "1"]

1. d4 e6 2. Nf3 Nf6 3. g3 b6 4. Bg2 Bb7 5. 0-0 Be7 6. b3 d6 7. Bb2 Nbd7 8. c4 0-0 9. Nbd2 Ne4 10. Qc2 Nxd2 11. Nxd2 Bxg2 12. Kxg2 d5 13. Rfc1 Rc8 14. Qd3 Bf6 15. cxd5 exd5 16. Rc6 Nb8 17. Rc2 c5 18. Rac1 Nc6 19. a3 Bxd4 20. e3 Bxb2 21. Rxb2 d4 22. e4 Ne5 23. Qe2 Qd7 24. h3 Rfe8 25. f4 Ng6 26. Qd3 Qb7 27. Kh2 Re7 28. Nc4 Qc7 29. e5 f6 30. Nd6 Rf8 31. Nf5 Ree8 32. exf6 Rxf6 33. Nxd4 Kh8 34. Nb5 Qb8 35. Rf1 a6 36. Nc3 b5 37. Ne4 Rd8 38. Qc2 Rc6 39. Ng5 Rf8 40. Qe4 Rcf6 41. Rbf2 h6 42. Ne6 Re8 43. f5 Nf8 44. Qh4 Nxe6 45. fxe6 Rfxe6 46. Qh5 Qd6 47. h4 Re3 48. Rf3 Rxf3 49. Qxf3 Qe6 50. Rf2 Qe3 51. Qf7 c4 52. bxc4 bxc4 53. Rb2 c3 54. Rc2 Rd8 55. Kh3 Qd3 56. Qf2 Qd7+ 57. g4 Qd3+ 58. Kg2 Qxc2 59. Qxc2 Rd2+ 60. Qxd2 cxd2 0-1

[Event "ARG-ch 85th"]
[Site "Buenos Aires"]
[Date "2010.07.12"]
[Round "7"]
[White "Chavarria, Bily"]
[Black "Giuliani, German"]
[Result "0-1"]
[WhiteElo "1963"]
[BlackElo "1864"]
[PlyCount "66"]
[EventDate "2010.07.05"]
[EventType "swiss"]
[EventRounds "11"]
[EventCountry "ARG"]
[SourceTitle "CBM 137 Extra"]
[Source "ChessBase"]
[SourceDate "2010.09.01"]
[SourceVersion "1"]
[SourceVersionDate "2010.09.01"]
[SourceQuality "1"]

1. d4 d5 2. Nf3 Nf6 3. c4 c6 4. Nc3 g6 5. cxd5 cxd5 6. e3 Bg7 7. Bb5+ Bd7 8. Qb3 Bxb5 9. Qxb5+ Qd7 10. Ne5 Qxb5 11. Nxb5 Na6 12. 0-0 Nd7 13. f4 Nf6 14. Bd2 Ne4 15. Bb4 Bxe5 16. fxe5 Nxb4 17. Nc7+ Kd7 18. Nxa8 Rxa8 19. Rxf7 Ng5 20. Rg7 Nc2 21. Rc1 Nxe3 22. h4 Nf5 23. Rxe7+ Nxe7 24. hxg5 Rc8 25. Rc3 Rxc3 26. bxc3 Kc6 27. Kf2 Kb5 28. Ke3 Kc4 29. Kd2 b5 30. a3 Kb3 31. e6 Kxa3 32. Ke3 Kb3 33. Kf4 Nc6 0-1